|
|
|
|
| LEADER |
00945nam a2200229 a 4500 |
| 008 |
091122s1998 ii a b 000 0 eng d |
| 020 |
|
|
|a 8174886788 (set)
|
| 040 |
|
|
|a HY0
|c HY0
|d LGG
|
| 082 |
0 |
0 |
|a 338.927
|2 21
|
| 245 |
1 |
0 |
|a International encyclopaedia of sustainable development /
|c edited by P.C. Sinha.
|
| 260 |
|
|
|a New Delhi :
|b Anmol Publications,
|c 1998.
|
| 300 |
|
|
|a viii, 314 p. :
|b ill., ;
|c 25 cm.
|
| 362 |
0 |
|
|a Vol. 12.
|
| 500 |
0 |
|
|a v. 12. Small island development.
|
| 541 |
1 |
|
|e 00008072
|
| 650 |
|
0 |
|a Sustainable development
|x Environmental aspects.
|
| 650 |
|
0 |
|a Biodiversity conservation.
|
| 650 |
|
0 |
|a Nature conservation.
|
| 700 |
1 |
|
|a Sinha, P. C.
|
| 852 |
4 |
|
|a Ayesha Abed Library
|j General Shelf
|
| 999 |
|
|
|c 5917
|d 5917
|
| 952 |
|
|
|0 0
|1 0
|2 ddc
|4 0
|6 338_927000000000000_INT
|7 0
|9 5904
|a SCL
|b SCL
|c GEN
|d 2009-12-06
|g 1000.00
|l 1
|o 338.927 INT
|p 3010008072
|r 2022-08-08
|s 2022-08-08
|t 1
|v 2000.00
|w 2009-12-06
|y BK
|x Transferred from BRACUL to SCL on 08/08/22
|